| 000 | 00505nam a2200157 4500 | ||
|---|---|---|---|
| 001 | 107831 | ||
| 003 | ES-MaACL | ||
| 007 | t| | ||
| 008 | 061121s1974 sp r ||||1| spa d | ||
| 100 | 1 |
_aMouloud, Noël. _983868 |
|
| 245 | 1 | 0 |
_aLenguaje y estructuras _b: ensayos de lógica y semiología / _cNoël Mouloud; traducción por Luis Martos Martínez. |
| 260 |
_aMadrid : _bTecnos, _c1974. |
||
| 300 |
_a262 p. ; _c22 cm. |
||
| 700 | 1 |
_aMartos Martínez, Luis. _978553 |
|
| 852 |
_aES-MaACL _jE-6315 _bR.90428 |
||
| 999 |
_c107831 _d107831 |
||